=LDR 00000nam 2200000 4500 =001 000350 =005 20250711023611 =035 ##$$a 0010-0725000206 =007 ta =008 250711################a##########0#ind## =020 ##$$a 978-623-307-526-8 =082 ##$$a 398.209 598 =100 #$$a Komar Cheh,Komar Rien =245 1#$$a Bobo Bersiap-siap /$c Komar Rien Komar Cheh =250 ##$$a pertama =260 ##$$a Jakarta :$b Badan Pengembangan dan Pembinaan Bahasa,$c 2022 =300 ##$$a 12 hlm. : $b ilus. ; $c 21,5cm =650 #4$$a cerita anak indonesia terjemahan =650 #4$$a literasi bahan bacaan =700 #$$a Hin Koemyean =856 ##$$a TBM AS-SYUHADA =084 ##$$a 398.209 598 KOM b =990 ##$$a TBM202400066 =990 ##$$a TBM202400174 =990 ##$$a TBM202400175 =990 ##$$a TBM202400184